000 00490nam a2200205Ia 4500
003 OSt
005 20240314115840.0
008 210210b1967 xxu||||| |||| 00| 0 eng d
040 _cAL
041 _aEnglish
082 _a796.323092 MCPS
100 _aMcPHEE (John).
_9154257
245 _aSense of where you are
260 _aLondon
_bBantam Pathfinder
_c1967
300 _a92
650 _aBill Bradley
_9154258
690 _aBiography
_9154259
906 _a029107
942 _2ddc
_cBK
999 _c80333
_d80333